| 000 | 00000nam 2200000za 4500 |
| 001 | 9.823197 |
| 003 | CaOODSP |
| 005 | 20221107143839 |
| 007 | cr ||||||||||| |
| 008 | 160824t19881988onc oz f000 0 fre d |
| 020 | |z0-660-54624-8 |
| 040 | |aCaOODSP|bfre |
| 041 | |aeng|afre |
| 043 | |an-cn--- |
| 086 | 1 |aE3-1981/37-PDF|zE3-1981/37 |
| 245 | 00|aTrade (GATT) |h[ressource électronique] : |bAgreement on Implementation of Article VII of the General Agreement on Tariffs and Trade = Commerce (GATT) : Accord relatif à la mise en œuvre de l'article VII de l'Accord général sur les tarifs douaniers et le commerce. |
| 246 | 31|aCommerce (GATT) : |bAccord relatif à la mise en œuvre de l'article VII de l'Accord général sur les tarifs douaniers et le commerce |
| 246 | 16|aAccord relatif à la mise en œuvre de l'article VII de l'Accord général sur les tarifs douaniers et le commerce |
| 260 | |aOttawa : |bQueen's Printer = Imprimeur de la Reine, |c1988. |
| 300 | |a75 p. |
| 490 | 1 |aTreaty series = Recueil des traités ; |v1981, n° 37 |
| 500 | |a« Fait à Genève le 2 avril 1979. Signé par le Canada le 17 décembre 1979. En vigueur le 1er janvier 1981. » |
| 530 | |aÉgalement publ. en version imprimée. |
| 546 | |aTexte en anglais et en français. |
| 692 | 07|2gccst|aAccord commercial |
| 692 | 07|2gccst|aAccord multilatéral |
| 710 | 1 |aCanada. |bMinistère des affaires extérieures. |
| 791 | |tTrade (GATT) |eeng|w(CaOODSP)9.823194 |
| 830 | #0|aTreaty series = Recueil des traités ;|v1981, n° 37|w(CaOODSP)9.813202 |
| 856 | 40|qPDF|s7.66 Mo|uhttps://publications.gc.ca/collections/collection_2016/amc-gac/E3-1981-37.pdf |